| 000 | 00814nam a2200217Ii 4500 | ||
|---|---|---|---|
| 003 | JO-AjNU | ||
| 008 | 230605s9999||||xx |||||||||||||| ||und|| | ||
| 017 | _a2008/6/1764 | ||
| 020 | _a978-9957-32-394-3 | ||
| 040 |
_aJO-AjNU _bara _erda _cJO-AjNU |
||
| 041 | _aara | ||
| 050 | 1 | 4 | _aRC437.F3722 2009 |
| 100 | 3 |
_aفرج ، عبداللطيف حسين, _eauthor _931032 |
|
| 245 | 0 | 0 | _aالاضطرابات النفسية الخوف،قلق والتوتر،الانفصام،الامراض النفسية للاطفال |
| 264 | 3 | 1 | _aعمان:دار الحامد للنشر ، 2009 |
| 300 | _a328ص | ||
| 336 |
_atext _btxt _2rdacontent |
||
| 337 |
_aunmediated _bn _2rdamedia |
||
| 338 |
_avolume _bnc _2rdacarrier |
||
| 650 | 4 |
_aالاضطرابات النفسية -الخوف-الكذب-الغيرة _931033 |
|
| 999 |
_aA12368 _c15936 _d15936 |
||